Chefs-d'oeuvre de Diderot / (Record no. 48790)

MARC details
000 -LEADER
campo de control de longitud fija 01255nam a22002295i 4500
001 - NÚMERO DE CONTROL
campo de control 48790
003 - IDENTIFICADOR DE NÚMERO DE CONTROL
campo de control ES-MaACL
007 - CAMPO FIJO DE DESCRIPCIÓN FÍSICA--INFORMACIÓN GENERAL
campo de control de longitud fija t|
008 - DATOS DE LONGITUD FIJA--INFORMACIÓN GENERAL
campo de control de longitud fija 950731q1879 fr ||||1| fre d
040 ## - FUENTE DE CATALOGACIÓN
Centro catalogador/agencia de origen CAM
Lengua de catalogación spa
Centro/agencia transcriptor CAM
100 1# - ENTRADA PRINCIPAL--NOMBRE DE PERSONA
Nombre de persona Diderot, Denis,
Fechas asociadas al nombre 1713-1784
9 (RLIN) 44511
245 10 - MENCIÓN DEL TÍTULO
Título Chefs-d'oeuvre de Diderot /
Mención de responsabilidad, etc. avec préface, notices et notes... par Louis Asseline et André Lefèvre.
260 ## - PUBLICACIÓN, DISTRIBUCIÓN, ETC.
Lugar de publicación, distribución, etc. Paris :
Nombre del editor, distribuidor, etc. C. Marpon & E. Flammarion :
-- E. Picard,
Fecha de publicación, distribución, etc. [1879?] (
Fabricante Ch. Noblet)
300 ## - DESCRIPCIÓN FÍSICA
Extensión 2 t. en 1 v. ;
Dimensiones 18 cm.
500 ## - NOTA GENERAL
Nota general En el prólogo del tomo 2, pie de imprenta con fecha 1879.
500 ## - NOTA GENERAL
Nota general Según la propaganda editorial, la obra consta de 4 vols.
505 8# - NOTA DE CONTENIDO CON FORMATO
Nota de contenido con formato Contiene: V. 1. Entretien d'un père avec ses enfants ; Le neveu de Rameau ; Ceci n'est pas un conte ; Regrets sur ma vieille robe de chambre ; Les deux amis de Bourbonne ; Eloge de Richardson ; Réflexions sur Terence -- V. 2. Pensées philosophiques ; Entretien d'un philosophe avec la Maréchale de *** ; La promenade du sceptique ; Supplément au voyage de Bougainville ; Entretien entre D'Alembert et Diderot. Le rêve de d'Alembert.
700 1# - ENTRADA AGREGADA--NOMBRE PERSONAL
Nombre de persona Asseline, Louis.
9 (RLIN) 23652
700 1# - ENTRADA AGREGADA--NOMBRE PERSONAL
Nombre de persona Lefèvre, André.
9 (RLIN) 71236
852 ## - LOCALIZACIÓN
Ubicación ES-MaACL
Número de control de estantería G-2016
Holdings
Estatus retirado Estado de pérdida Estado de daño No para préstamo Colección Biblioteca de origen Biblioteca actual Ubicación en estantería Fecha de adquisición Fuente de adquisición Total de préstamos Signatura topográfica completa Código de barras Visto por última vez Precio de reemplazo Tipo de ítem Koha
        Libros del s. XIX Biblioteca del Ateneo de Madrid Biblioteca del Ateneo de Madrid Depósito 2 17/01/2008     G-2016 1051345 23/02/2023 23/02/2023 Libro impreso antiguo